| 000 | 01231nam a2200241Ii 4500 | ||
|---|---|---|---|
| 008 | 221202s xx 000 0 und d | ||
| 245 | 0 | _aArtificial Societies | |
| 264 |
_bTaylor & Francis _c1995 |
||
| 300 | _a1 online resource | ||
| 336 |
_atext _btxt _2rdacontent |
||
| 337 |
_acomputer _bc _2rdamedia |
||
| 338 |
_aonline resource _bcr _2rdacarrier |
||
| 520 | _aAn exploration of the implications of developments in artificial intelligence for social scientific research, which builds on the theoretical and methodological insights provided by Simulating societies.; This book is intended for worldwide library market for social science subjects such as sociology, political science, geography, archaeology/anthropology, and significant appeal within computer science, particularly artificial intelligence. Also personal reference for researchers. | ||
| 653 | _aAlgorithm | ||
| 653 | _aDistributed | ||
| 653 | _aGenetic | ||
| 653 | _aSimulated | ||
| 653 | _aSociety | ||
| 700 | 1 | _aConte, Rosaria | |
| 700 | 1 | _aGilbert, Nigel | |
| 856 |
_uhttps://docs.google.com/spreadsheets/d/1yKIrdCPDAG_9c22mwoOIO2DOhtj65Wqa/edit?usp=sharing&ouid=106555315294820607512&rtpof=true&sd=true _yList of Curated E-Books |
||
| 942 | _cE-BOOK | ||
| 999 |
_c91796 _d91793 |
||